The untold history of United States / (Record no. 2369)
[ view plain ]
| 000 -LEADER | |
|---|---|
| fixed length control field | 00665nam a22002057a 4500 |
| 005 - DATE AND TIME OF LATEST TRANSACTION | |
| control field | 20250123055958.0 |
| 008 - FIXED-LENGTH DATA ELEMENTS--GENERAL INFORMATION | |
| fixed length control field | 250123b |||||||| |||| 00| 0 eng d |
| 020 ## - INTERNATIONAL STANDARD BOOK NUMBER | |
| International Standard Book Number | 9780091949310 |
| 082 ## - DEWEY DECIMAL CLASSIFICATION NUMBER | |
| Classification number | 973.91 St879 2013 |
| 100 ## - MAIN ENTRY--PERSONAL NAME | |
| Personal name | Stone, Oliver |
| 245 ## - TITLE STATEMENT | |
| Title | The untold history of United States / |
| Statement of responsibility, etc. | Oliver Stone, Peter Kuznick |
| 260 ## - PUBLICATION, DISTRIBUTION, ETC. | |
| Place of publication, distribution, etc. | USA: |
| Name of publisher, distributor, etc. | Ebury Press, |
| Date of publication, distribution, etc. | c2013 |
| 300 ## - PHYSICAL DESCRIPTION | |
| Extent | xxxiii, 750p.: |
| Other physical details | ill. |
| 500 ## - GENERAL NOTE | |
| General note | Originally published: New York: Simon and Schuster |
| 504 ## - BIBLIOGRAPHY, ETC. NOTE | |
| Bibliography, etc. note | Includes index |
| 541 ## - IMMEDIATE SOURCE OF ACQUISITION NOTE | |
| Accession number | 7721 c.1 |
| 650 ## - SUBJECT ADDED ENTRY--TOPICAL TERM | |
| Topical term or geographic name entry element | United States - History - 20th century |
| 650 ## - SUBJECT ADDED ENTRY--TOPICAL TERM | |
| Topical term or geographic name entry element | United States - Politics and governments |
| 700 ## - ADDED ENTRY--PERSONAL NAME | |
| Personal name | Kuznick, Peter |
| Relator term | author |
| Withdrawn status | Lost status | Source of classification or shelving scheme | Damaged status | Not for loan | Home library | Current library | Date acquired | Total Checkouts | Full call number | Barcode | Date last seen | Copy number | Price effective from | Koha item type |
|---|---|---|---|---|---|---|---|---|---|---|---|---|---|---|
| Dewey Decimal Classification | ctu-moalboal | ctu-moalboal | 02/02/2024 | 973.91 St879 2013 | 7721 | 01/23/2025 | 1 | 01/23/2025 | Books-Reference |